<?xml version="1.0" encoding="UTF-8"?>
<record
    xmlns:xsi="http://www.w3.org/2001/XMLSchema-instance"
    xsi:schemaLocation="http://www.loc.gov/MARC21/slim http://www.loc.gov/standards/marcxml/schema/MARC21slim.xsd"
    xmlns="http://www.loc.gov/MARC21/slim">

  <leader>01463nam a2200301 i 4500</leader>
  <controlfield tag="001">158886</controlfield>
  <controlfield tag="003">ES-MaACL</controlfield>
  <controlfield tag="005">20230906211348.0</controlfield>
  <controlfield tag="008">001010s1840    sp a         |||| | spa d</controlfield>
  <datafield tag="100" ind1="1" ind2=" ">
    <subfield code="a">Mart&#xED;n, </subfield>
    <subfield code="c">Abad.</subfield>
    <subfield code="9">168352</subfield>
  </datafield>
  <datafield tag="245" ind1="1" ind2="0">
    <subfield code="a">Historia de la Tierra Santa desde la m&#xE1;s remota antig&#xFC;edad hasta el a&#xF1;o 1839 / </subfield>
    <subfield code="c">por el abate Mart&#xED;n ; adornada con hermosas l&#xE1;minas grabadas en acero... ; y acompa&#xF1;ada de un hermoso Atlas geogr&#xE1;fico-hist&#xF3;rico... dirigido por A. Houz&#xE9; ; traducida por M.O. y J.C.</subfield>
  </datafield>
  <datafield tag="260" ind1=" " ind2=" ">
    <subfield code="a">Barcelona : </subfield>
    <subfield code="b">[s.n.], </subfield>
    <subfield code="c">1840 (</subfield>
    <subfield code="f">Imp. de Brusi)</subfield>
  </datafield>
  <datafield tag="300" ind1=" " ind2=" ">
    <subfield code="a">2 v. (568 p., 18 h. de grab. ; 400 p., 19-33 [i.e. 15] h. de grab.) ; </subfield>
    <subfield code="c">23 cm.</subfield>
  </datafield>
  <datafield tag="490" ind1="1" ind2=" ">
    <subfield code="a">El mundo, historia de todos los tiempos ; </subfield>
    <subfield code="v">1- 2</subfield>
  </datafield>
  <datafield tag="530" ind1=" " ind2=" ">
    <subfield code="a">Disponible en formato digital.</subfield>
  </datafield>
  <datafield tag="594" ind1=" " ind2=" ">
    <subfield code="a">Nombre de 2&#xBA; trad. tomado de Palau t. 8-153546: Juan Cortada.</subfield>
  </datafield>
  <datafield tag="594" ind1=" " ind2=" ">
    <subfield code="a">Menci&#xF3;n de partes tomada de &#xED;ndices.</subfield>
  </datafield>
  <datafield tag="597" ind1=" " ind2=" ">
    <subfield code="a">Signaturizado.</subfield>
  </datafield>
  <datafield tag="597" ind1=" " ind2=" ">
    <subfield code="a">Antep.</subfield>
  </datafield>
  <datafield tag="599" ind1=" " ind2=" ">
    <subfield code="a">Las h. de grab. calc.: "Malo del., Lavin sculp.". "Lavin del., Lecerf sculp. "</subfield>
  </datafield>
  <datafield tag="651" ind1=" " ind2="4">
    <subfield code="a">Palestina-</subfield>
    <subfield code="x">Historia.</subfield>
    <subfield code="9">9197</subfield>
  </datafield>
  <datafield tag="700" ind1="1" ind2=" ">
    <subfield code="a">Houz&#xE9;, A.</subfield>
    <subfield code="9">64368</subfield>
  </datafield>
  <datafield tag="700" ind1="1" ind2=" ">
    <subfield code="a">Cortada, Juan (</subfield>
    <subfield code="d">1805-1868)</subfield>
    <subfield code="9">149955</subfield>
  </datafield>
  <datafield tag="830" ind1="1" ind2=" ">
    <subfield code="a">El mundo, historia de todos los tiempos ; </subfield>
    <subfield code="v">1- 2</subfield>
    <subfield code="9">221895</subfield>
  </datafield>
  <datafield tag="852" ind1=" " ind2=" ">
    <subfield code="a">ES-MaACL</subfield>
    <subfield code="j">D-4098-99  </subfield>
    <subfield code="z">- Enc. hol.</subfield>
  </datafield>
  <datafield tag="856" ind1=" " ind2=" ">
    <subfield code="u">https://bibliotecadigital.aecid.es/bibliodig/es/consulta/registro.do?id=1905</subfield>
    <subfield code="z">Biblioteca Digital AECID</subfield>
  </datafield>
  <datafield tag="999" ind1=" " ind2=" ">
    <subfield code="c">158886</subfield>
    <subfield code="d">158886</subfield>
  </datafield>
  <datafield tag="952" ind1=" " ind2=" ">
    <subfield code="0">0</subfield>
    <subfield code="1">0</subfield>
    <subfield code="4">0</subfield>
    <subfield code="7">0</subfield>
    <subfield code="8">Colecci&#xF3;n_digital</subfield>
    <subfield code="a">ATENEOM</subfield>
    <subfield code="b">ATENEOM</subfield>
    <subfield code="c">SVI</subfield>
    <subfield code="d">2008-01-17</subfield>
    <subfield code="l">0</subfield>
    <subfield code="o">D-4098-99</subfield>
    <subfield code="p">901166302</subfield>
    <subfield code="r">2023-02-23 00:00:00</subfield>
    <subfield code="w">2023-02-23</subfield>
    <subfield code="y">MONANT</subfield>
  </datafield>
</record>
